| Поле | Инд. | ПП | Название | Значение |
|---|---|---|---|---|
| Тип записи | a | |||
| Библиографический уровень | m | |||
| 001 | Контрольный номер | 4ad0e4592c6e436cb1e98a82d64e1dfd | ||
| 005 | Дата корректировки | 20241105150105.9 | ||
| 020 | a | ISBN | 978-5-7995-1293-4 | |
| 040 | b | Код языка каталог. | rus | |
| e | Правила каталог. | PSBO | ||
| 041 | 0_ | a | Код языка текста | rus |
| 080 | a | Индекс УДК | 691(075.8) | |
| 090 | a | Полочн. индекс | 691 | |
| x | Авторский знак | Б 43 | ||
| 097 | b | Оператор | *Ви* | |
| 100 | 1_ | a | Автор | Белов В.В. |
| 245 | 10 | a | Заглавие | Стеновые и изоляционные строительные материалы и изделия |
| b | Продолж. заглавия | учебное пособие | ||
| c | Ответственность | Тверской государственный технический университет | ||
| 260 | a | Место издания | Тверь | |
| b | Издательство | ТвГТУ | ||
| c | Дата издания | 2023 | ||
| 300 | a | Объем | 164 с. | |
| 516 | 8_ | a | Прим. о типе комп. файла/ данных | Текст : электронный |
| 520 | 0_ | a | Аннотация | Даны сведения о состоянии производства, представлена классификация, описаны строение и свойства основных стеновых и изоляционных материалов, изделий и конструкций, а также области их рационального применения. Значительное внимание уделено строительно-техническим свойствам эффективных стеновых и изоляционных материалов, методам их контроля, экологической и технологической безопасности, а также исследованию и прогнозированию долговечности в проектируемых условиях эксплуатации. Рассмотрены особенности современных ограждающих конструкций, материалов и технологий для повышения теплозащиты зданий и сооружений, а также их изоляции от внешних агрессивных факторов. Приведены данные о получении и применении различных видов стеновых и изоляционных материалов, описаны основные практические приемы и средства ведения работ по устройству изоляции в строительстве зданий и сооружений, а также способы контроля их качества. Предназначено для студентов, обучающихся по направлению «Строительство» (профиль «Производство строительных материалов, изделий и конструкций») при изучении дисциплины «Стеновые и изоляционные строительные материалы и изделия» и других смежных технологических дисциплин. Может быть использовано в профессиональной деятельности инженерно-техническими работниками строительной сферы и других отраслей народного хозяйства. |
| 535 | 1_ | a | Хранилище | Сервер |
| 653 | 0_ | a | Ключевые слова | Изоляционные материалы |
| a | Ключевые слова | Кровельные материалы | ||
| a | Ключевые слова | Гидроизоляционные материалы | ||
| a | Ключевые слова | Акустические материалы | ||
| a | Ключевые слова | Звукопоглощающие материалы | ||
| a | Ключевые слова | Строительные материалы | ||
| a | Ключевые слова | Изоляция | ||
| a | Ключевые слова | Ограждающие конструкции | ||
| a | Ключевые слова | Стеновые материалы | ||
| a | Ключевые слова | Кирпич | ||
| a | Ключевые слова | Теплоизоляционные материалы | ||
| 655 | a | Жанр/ форма (устаревшее) | М | |
| 700 | 12 | a | Другие авторы | Смирнов М.А. |
| 900 | a | Имя макрообъекта | 001-000156442-000000000-0000-0000-01 | |
| 901 | t | Тип документа | m | |
| 905 | b | Дата создания записи обработка | 20.07.23 | |
| 922 | c | Кафедра | Производство строительных изделий и конструкций | |
| 951 | i | EL-ТГТУ? | Да | |
| 952 | a | Тип литературы для КСУ ВШ | *М2* | |
| 990 | h | N записи в КСУ для Б/У (DOS) | 25/2023э | |
| g | Размещение заказа (DOS) | РИЦ | ||
| c | Приоритет заказа (DOS) | о |